Harry Potter tome 6 - Détails qui ont pu vous échapper - Statistiques

Statistiques générales
  • Ce quiz a été pris 39 fois
  • Le résultat moyen est 15 sur 55
Statistiques - réponses
Questions Réponses % Correct
Qui découvre Harry dans le Poudlard Express sous la cape d'invisibilité où Drago l'a laissé pétrifié? Tonks
73%
Qui assure la sécurité du Premier ministre moldu? (prénom et nom) Kingsley Shacklebolt
69%
Comment a-t-on retrouvé le lapin de Billy Stubbs le lendemain de sa dispute avec Tom Jedusor lorsqu'il était à l'orphelinat Wool? pendu à une poutre du toit
58%
Horace Slughorn a bu du Felix Felicis 2 fois dans sa vie. Quel âge avait-il la première fois qu'il en a bu? 24 ans
54%
De quelle maladie est mort Abraxas Malefoy, le grand-père de Drago? de la Dragoncelle
54%
Quel sort du Prince de Sang Mêlé utilise-t-il pour tenir une conversation sans être entendu? Assurdiato
50%
Eileen Prince a été capitaine de l'équipe de quoi à Poudlard? de Bavboules
50%
Par quel petit nom Molly Weasley aime-t-elle que son mari l'appelle lorsqu'ils sont seuls? Mollynette
50%
En tant que quoi travaille maintenant Cornelius Fudge pour le Ministère de la Magie? Consultant
42%
Lorsque Rémus Lupin devenait un loup-garou, James Potter parlait de son petit problème de quoi? de fourrure
42%
Romilda Vane a demandé à Ginny s'il était vrai que Harry avait un tatouage de quoi sur la poitrine? hippogriffe
42%
Celestina Moldubec chante "Un chaudron plein de... " quoi? passion
42%
Quelle est la confiture préférée d'Albus Dumbledore? confiture de framboises
38%
Comment appelle-t-on les employés du Bureau de désinformation au Ministère de la Magie qui modifient la mémoire des moldus? Oubliators
38%
Que laisse tomber la petite fille qui regarde le troll en tutu dans le couloir de la Salle sur demande lorsqu'elle voit Harry? une balance
38%
Katie Bell, ensorcelée par le collier d'opale est de retour à Poudlard le lendemain de quel événement qui touche Hagrid? l'enterrement d'Aragog
35%
Comment s'appelle le vampire, ami d'Eldred Worpel qui a écrit un livre "Frères de sang, ma vie chez les vampires" Sanguini
35%
Quel cadeau Kreattur fait-il à Harry pour Noël? un paquet rempli d'asticots
35%
De quoi Mrs Cole (directrice de l'orphelinat Wool) était-elle amatrice? de gin
31%
Lors d'une de ses leçons, Dumbledore dit qu'il est possible qu'il se trompe autant que Humphrey Belcher qui croyait que le moment était venu de fabriquer des chaudrons en... quoi? fromage
31%
À quoi Dumbledore a-t-il eu recours pour obtenir le souvenir de Morfin Gaunt? la légilimancie
31%
De quoi dans le monde des moldus Arthur Weasley veut-il découvrir le fonctionnement (sa plus chère ambition)? les avions (comment ils font pour voler)
31%
Les souches de quelle plante étudient-ils en Botanique? souches de Snargalouf
31%
Harry refuse de soutenir le Ministère de la magie car il n'est notamment pas d'accord avec quelle action du ministère? l'arrestation de Stan Rocade
27%
De quelle couleur est la robe de sorcier des jumeaux Weasley pour leur magasin de farces et attrapes? magenta
27%
Hagrid et Slughorn chantent la chanson racontant la mort d'un sorcier nommé comment? Odo
27%
Ron a raté son examen de transplanage car l'examinateur a remarqué qu'il a laissé quoi derrière lui? la moitié d'un sourcil
23%
Comment s'appelle le constipateur magique qui "prend aux tripes" du magasin "Farces pour sorciers facétieux" des frères Weasley? Pousse-rikiki
23%
Quel objet est utilisé à l'entrée de Gringotts dû aux mesures de sécurité renforcées? Sonde de Sincérité
23%
Narcissa et Drago Malefoy quittent la boutique de Mme Guipure et décident d'aller dorénavant dans quel autre boutique de prêt-à-porter? Tissard et Brodette
23%
Dans quel village Harry et Dumbledore vont-ils chercher Horace Slughorn? Budly Babberton
19%
Quel mangemort a fait apparaître la marque des ténèbres au-dessus de Poudlard? (nom uniquement) Gibbon
19%
Qu'est-ce qui permet de découvrir dans quel compartiment du Poudlard Express Harry est resté, pétrifié? les stores sont baissés
19%
Harry a grandi de 30cm en été. Selon Molly, on dirait qu'il a été soumis à quel sort? Maléfice d'élongation
19%
Les jumeaux Weasley envoient les philtres d'amour sous forme de potions pour la toux ou sous quelle autre forme pour passer le contrôle? sous forme de parfum
19%
Cormac Mc Laggen a été à la chasse aux quoi avec son oncle Tiberius? aux Licheurs
15%
Peeves bloque le 4ème étage. Que doit faire l'élève qui désire passer? brûler son caleçon
15%
La famille de Melinda Bobbin possède une vaste chaîne de quoi? d'apothicaires
15%
À part "Dent-de-gargouille", quel autre surnom les élèves, mécontents suite aux désartibulements, donnent- ils au moniteur de transplanage? Demi-potion
15%
Merope Gaunt avait un problème aux yeux. De quoi souffrait-elle? d'un strabisme divergent
15%
Quel type de médailles ont été confisquées par le Ministère de la Magie, qu'il suffit soit-disant de mettre autour du cou pour changer d'apparence? médailles métamorphes
15%
Comme Ron a utilisé une plume à vérificateur d'orthographe pour écrire son nom sur son livre de potions, quel nom apparaît au lieu de Ronald Weasley? Roonil Wazlib
15%
Morfin Gaunt reçoit une convocation à une audience au Ministère de la Magie parce qu'il a lancé un maléfice à un moldu (Tom Jedusor Sr) qui a provoqué quoi chez ce dernier? une crise d'urticaire
15%
Qui est le capitaine de l'équipe de Quidditch de Serpentard? (pas de prénom) Urquhart
15%
De quel service du Ministère de la Magie Dirk Cresswell est-il le directeur? Bureau de Liaison des gobelins
12%
De quelle gamme font partie les philtres d'amour du magasin "Farces pour sorciers facétieux"? Charme de Sorcière
12%
De quelle conspiration Luna dit-elle que les aurors font partie? Conspiration de Rancecroc
12%
De quoi Bob Ogden est-il le chef au Ministère de la Magie? de la Brigade de la Police magique
12%
La 3ème loi de qui établit que l'antidote d'un poison doit être égal à plus que la somme des antidotes de chacun de ses composants? Golpalott
12%
Qu'y a-t-il dans la cage derrière laquelle Harry cache le manuel du Prince de Sang Mêlé dans le placard de la Salle sur demande? le squelette d'une créature
12%
Selon Luna, quelle plante est efficace pour éloigner les Boullus Goulus? Ravegourde
12%
Quelle est la formule du sort permettant de redonner de l'énergie à une personne très faible? Revigor
12%
Slughorn voudrait se procurer du venin de l'acromentule car cela vaut combien par litre? 200 gallions
8%
Qu'est-ce qui sert à identifier correctement les ingrédients d'une potion? Révélasort de Scarpin
8%
Pendant que certains élèves passent leur examen de transplanage, quelle "potion amusante" Drago décide de faire? une Décoction Hoqueteuse
8%
Aucun quiz correspondant
Distribution des résultats
% des personnes avec chaque résultat
Percentile par nombre de réponses
Votre historique - résultats
Vous n’avez pas pris ce quiz